[Event "20th Poznan Open"]
[Site "Poznan POL"]
[Date "2011.08.12"]
[Round "7.6"]
[White "Korbal,A"]
[Black "Zakrzewski,Mare"]
[Result "1/2-1/2"]
[WhiteElo "2052"]
[BlackElo "2097"]

1.d4 d5 2.c4 Nc6 3.Nf3 Bg4 4.cxd5 Bxf3 5.gxf3 Qxd5 6.e3 e5 7.Nc3 Bb4 8.Bd2 Bxc3
9.bxc3 Qd6 10.Rb1 b6 11.f4 exf4 12.e4 Nge7 13.Qf3 O-O 14.Bxf4 Qa3 15.Be2 f5
16.O-O Kh8 17.d5 fxe4 18.Qxe4 Ng6 19.Bc1 Qe7 20.Qxe7 Ncxe7 21.c4 Nf4 22.Bg4 h5
23.Bxf4 Rxf4 24.Bxh5 Rxc4 25.Rbc1 Rxc1 26.Rxc1 Nxd5 27.Bf7 Rd8 28.Rc4 g5
29.Bxd5 Rxd5 30.Rxc7 Ra5 31.Rc2 Kg7 32.Kg2 Kf6 33.Kg3 Ra4 34.f3 Kf5 35.h3 Ke5
36.Re2+ Kf5 37.Rd2 Kg6 38.Rd6+ Kh5 39.Rd2 a6 40.Rc2 b5 41.Rd2 b4 42.Re2 a5
43.Rd2 Ra3 44.Re2 a4 45.Re4 Rxa2  1/2-1/2

[Event "29th World Junior Girls"]
[Site "Chennai IND"]
[Date "2011.08.13"]
[Round "11.12"]
[White "Kazimova,N"]
[Black "Frayna,Janelle Mae"]
[Result "0-1"]
[WhiteElo "2292"]
[BlackElo "1875"]

1.d4 d5 2.c4 Nc6 3.Nf3 Bg4 4.e3 e5 5.h3 Bxf3 6.Qxf3 exd4 7.cxd5 Bb4+ 8.Nd2 dxe3
9.fxe3 Ne5 10.Qe4 Qe7 11.Bb5+ Kf8 12.O-O Nf6 13.d6 Qxd6 14.Qxb7 Rd8 15.Nc4 Nxc4
16.Bxc4 Bc5 17.Kh1 Qe5 18.e4 g5 19.Bxg5 Qxg5 20.Rf5 Qg6 21.Rxc5 Rg8 22.Rg1 Nxe4  0-1

[Event "Metalmex Open"]
[Site "Liberec CZE"]
[Date "2011.08.14"]
[Round "2.15"]
[White "Lamac,Stanislav"]
[Black "Prachar,J"]
[Result "0-1"]
[WhiteElo "1788"]
[BlackElo "1878"]

1.d4 d5 2.c4 Nc6 3.Nf3 Bg4 4.e3 e6 5.Nbd2 Nf6 6.Qb3 Rb8 7.a3 Be7 8.Bd3 O-O
9.O-O dxc4 10.Qxc4 Bd6 11.e4 e5 12.d5 Ne7 13.h3 Bd7 14.Nb3 Ng6 15.Be3 b6
16.Rfe1 Qe7 17.Qa6 Kh8 18.Rac1 Nh5 19.Nbd2 Nhf4 20.Bf1 h6 21.Nc4 Rfc8 22.Nxd6 Qxd6
23.Qxa7 Ra8 24.Qb7 b5 25.Bc5 Qf6 26.Ba7 Qd6 27.Rc2 f5 28.exf5 Bxf5 29.Rc3 Qxd5
30.Rxc7 Rxc7 31.Qxc7 Rc8 32.Qa5 Nxh3+ 33.gxh3 Qxf3 34.Bg2 Qb3 35.Re2 Rc1+
36.Re1 Qxb2 37.Rxc1 Qxc1+ 38.Kh2 Qf4+ 39.Kg1 Qc1+ 40.Kh2 Qc4 41.Qd8+ Kh7
42.Bd5 Qf4+ 43.Kh1 Be4+ 44.Bxe4 Qxe4+ 45.Kg1 Nf4  0-1

[Event "Etapa Recife CBX"]
[Site "Recife BRA"]
[Date "2011.08.14"]
[Round "8"]
[White "Rodi,L"]
[Black "Santiago,Y"]
[Result "1-0"]
[WhiteElo "2416"]
[BlackElo "2237"]

1.d4 d5 2.c4 Nc6 3.cxd5 Qxd5 4.e3 e5 5.Nc3 Bb4 6.Bd2 Bxc3 7.bxc3 Nf6 8.Ne2 O-O
9.f3 exd4 10.cxd4 Re8 11.Kf2 h5 12.Qb3 Qd6 13.Rc1 b6 14.Nf4 g5 15.Rxc6 Qxc6
16.Bb5 Qd6 17.Bxe8 Nxe8 18.Nxh5 Be6 19.Qb2 Rd8 20.Bc3 Qd5 21.a3 f5 22.h4 gxh4
23.Rxh4 Qb3 24.Qxb3 Bxb3 25.g4 fxg4 26.Rxg4+ Kf7 27.e4 c6 28.Ke3 Rd6 29.Rg5 Rg6
30.Rxg6 Kxg6 31.Nf4+ Kf7 32.Nd3 Ke6 33.f4 Nd6 34.f5+ Nxf5+ 35.exf5+ Kxf5
36.Bb4 Ke6 37.Nf4+ Kd7 38.Bf8 Bc2 39.Kd2 Be4 40.Kc3 Kc7 41.Bg7 Kb7 42.Be5 Bf5
43.Kd2 Ka6 44.Ke3 Kb5 45.Bb8 Ka6 46.Ne2 Kb7 47.Bd6 Be6 48.Ke4 Bd5+ 49.Ke5 Kc8
50.Nc3 Bf3 51.Ke6 Bg4+ 52.Ke7 Bf3 53.Bg3 Kb7 54.Kd6 Kc8 55.Bh4 Kb7 56.Nb1 Kc8
57.Nd2 Bd5 58.Nf1 Kb7 59.Ne3 Bb3 60.Bd8 Ba4 61.Nc4 Bb5 62.Ne5 Ba4 63.Bc7 c5
64.d5 Bb3 65.Bd8 c4 66.Bg5 c3 67.Nd3 Bc4 68.Nb4 a5 69.Nc6 Be2 70.Ne5 b5 71.Kc5 b4
72.axb4 axb4 73.Nc6 Bf3 74.Nxb4 Bxd5 75.Nxd5 c2 76.Nb4 c1=B 77.Bxc1 Ka7 78.Kc6 Kb8
79.Be3 Ka8 80.Nd5 Kb8 81.Nc7 Kc8 82.Na6 Kd8 83.Bf4 Kc8 84.Nc5 Kd8 85.Bd6 Kc8
86.Nd7 Kd8 87.Nb6 Ke8 88.Bc7 Ke7 89.Kd5 Kf6 90.Ke4 Ke6 91.Be5 Ke7 92.Kf5 Kd8
93.Ke6 Ke8 94.Bf6 Kf8 95.Nd7+ Ke8 96.Ne5 Kf8 97.Nf7 Ke8 98.Nd6+ Kf8 99.Kf5 Kg8
100.Kg6 Kf8 101.Bd8 Kg8 102.Be7 Kh8 103.Bf8 Kg8 104.Bh6 Kh8 105.Nf5  1-0

[Event "Stockholm Open"]
[Site "Stockholm SWE"]
[Date "2011.08.16"]
[Round "4"]
[White "Cederstam-Barsk,Carl"]
[Black "Logdahl,H"]
[Result "1-0"]
[WhiteElo "2093"]
[BlackElo "2251"]

1.d4 d5 2.c4 Nc6 3.Nc3 dxc4 4.Nf3 Nf6 5.Bg5 a6 6.d5 Na7 7.e4 Nb5 8.Qa4 Bd7
9.Qxc4 Nxc3 10.bxc3 b5 11.Qd4 c5 12.Qd3 g6 13.Be2 Bg7 14.O-O O-O 15.h3 Qb8
16.Qe3 e5 17.Bxf6 Bxf6 18.Qxc5 Rc8 19.Qa3 Qb6 20.Rac1 Qc5 21.Qb2 Rab8 22.Qd2 Rc7
23.Rc2 Rbc8 24.Bd3 Qf8 25.Rb1 Rc5 26.Qc1 R8c7 27.a4 Qc8 28.axb5 Rxc3 29.Rxc3 Rxc3
30.Qd2 axb5 31.Bxb5 Bxh3 32.Ne1 Bg4 33.Bc6 Ra3 34.Qb2 Qa6 35.Bb5 Qa7 36.Bc4 Kg7
37.Nd3 Ra4 38.Qb3 Ra1 39.Rxa1 Qxa1+ 40.Kh2 Be2 41.Nb2 Bxc4 42.Nxc4 Qc1 43.g3 Qf1
44.Qc2 h5 45.Ne3 Qa1 46.Ng2 Qd4 47.Qe2 Bg5 48.Ne1 Qd2 49.Qxd2 Bxd2 50.Nd3 Bc3
51.Kg2 f5 52.f3 Kf6 53.Nc5 Bd4 54.Nb3 g5 55.Na5 g4 56.Nc6 Bc5 57.Nb8 Bd6
58.Nd7+ Ke7 59.Nb6 f4 60.Nc4 Kd7 61.Nb2 Kc7 62.Nd3 Kd7 63.fxg4 hxg4 64.Nf2 fxg3
65.Kxg3 Ke7 66.Nxg4 Kf7 67.Ne3 Kf6 68.Kg4 Bc5 69.Nc4 Bb4 70.Kf3 Bc5 71.Ke2 Bd4
72.Kd3 Ke7 73.Ne3 Ba1 74.Kc4 Kd7 75.Nf5 Bb2 76.Ne3 Bd4 77.Nc2 Bg1 78.Ne1 Bf2
79.Nf3 Bg3 80.Kd3 Kd6 81.Ng5 Ke7 82.Ne6 Kf6 83.Kc4 Ke7 84.Kc5 Kd7 85.Ng5 Bf2+
86.Kb5 Bg3 87.Nh7 Bh2 88.Nf6+ Kd6 89.Ng4 Bf4 90.Kb6 Bg3 91.Kb7 Kd7 92.Ne3 Bf4
93.Nc4 Bg3 94.Kb6 Bf2+ 95.Kb5 Bg3 96.Ne3 Bf4 97.Nf5 Bh2 98.Kc5 Bg1+ 99.Kc4 Bh2
100.Kd3 Bf4 101.Ke2 Ke8 102.Kf3 Kf7 103.Kg4 Kf6 104.Ng3 Kg6 105.Ne2 Bd2 106.Ng1 Kf6
107.Kh5 Bf4 108.Ne2 Be3 109.Ng3 Bf4 110.Nh1 Be3 111.Kg4 Bf4 112.Ng3 Be3 113.Ne2 Bd2
114.Kf3 Be1 115.Nc1 Bc3 116.Nd3 Bd4 117.Ke2 Ke7 118.Kd2 Kd7 119.Kc2 Kd6 120.Kb3 Bg1
121.Kc4 Be3 122.Ne1 Bg1 123.Nf3 Be3 124.Nh4 Bf4 125.Nf5+ Kd7 126.Kc5 Bh2
127.d6 Bf4 128.Kd5 Bh2 129.Ne3 Bg1 130.Nc4 Bh2 131.Nxe5+ Kd8 132.Nc6+ Kd7
133.Nb8+ Kc8 134.Na6 Kd7 135.Nc5+ Kd8 136.e5 Bg1 137.Ne4 Bh2 138.e6 Ke8 139.Nf6+ Kd8
140.e7+ Kc8 141.e8=Q+  1-0

[Event "10th Lichtenberger Sommer"]
[Site "Berlin GER"]
[Date "2011.08.17"]
[Round "5.15"]
[White "Sabrowski,U"]
[Black "Skibbe,W"]
[Result "0-1"]
[WhiteElo "2099"]
[BlackElo "2213"]

1.d4 d5 2.c4 Nc6 3.Nc3 Nf6 4.Nf3 dxc4 5.d5 Na5 6.Qa4+ c6 7.dxc6 Nxc6 8.Qxc4 e5
9.Bg5 Be7 10.e3 O-O 11.Be2 Be6 12.Qb5 a6 13.Qa4 b5 14.Qh4 h6 15.Bxf6 Bxf6
16.Qe4 Qc8 17.Qb1 g5 18.h3 Bg7 19.g4 f5 20.Nh2 e4 21.O-O Ne5 22.gxf5 Bxf5
23.Bg4 Bxg4 24.hxg4 Nf3+ 25.Kg2 Nxh2 26.Kxh2 Bxc3 27.bxc3 Qxg4 28.Qb3+ Kh7
29.Qd5 Rf3  0-1

[Event "10th Lichtenberger Sommer"]
[Site "Berlin GER"]
[Date "2011.08.18"]
[Round "6.17"]
[White "Kapp,M"]
[Black "Kapr,K"]
[Result "1-0"]
[WhiteElo "2209"]
[BlackElo "2058"]

1.d4 d5 2.c4 Nc6 3.Nf3 Bg4 4.Nc3 e6 5.cxd5 Bxf3 6.gxf3 exd5 7.Bf4 Bd6 8.Bg3 Nge7
9.e3 O-O 10.a3 a6 11.Bd3 Qd7 12.Qc2 g6 13.Ne2 b5 14.h4 h5 15.Rg1 b4 16.Bxd6 Qxd6
17.f4 f5 18.Kd2 bxa3 19.bxa3 Rab8 20.Qc3 Rb6 21.Rab1 Kh7 22.Qc5 Qxc5 23.dxc5 Rbb8
24.Rxb8 Rxb8 25.Rb1 Rxb1 26.Bxb1 Kg7 27.Bd3 a5 28.Bb5 Nd8 29.Nd4 Kf7 30.Kc3 Nb7
31.Nb3 Ke6 32.a4 g5 33.Ba6 Nd8 34.Nd4+ Kd7  1-0

[Event "26th Universiade Men"]
[Site "Shenzhen CHN"]
[Date "2011.08.18"]
[Round "6"]
[White "Moranda,W"]
[Black "Surya,W"]
[Result "1-0"]
[WhiteElo "2586"]
[BlackElo "2222"]

1.d4 d5 2.c4 Nc6 3.Nc3 e5 4.cxd5 Nxd4 5.e3 Nf5 6.Nf3 Bd6 7.Bb5+ Bd7 8.Bxd7+ Qxd7
9.e4 Nfe7 10.O-O Ng6 11.Nd2 N8e7 12.Nc4 O-O 13.Qb3 Rab8 14.Nxd6 cxd6 15.Qb5 Qd8
16.Be3 a6 17.Qb3 f5 18.f3 b5 19.Rac1 Qd7 20.h3 Kh8 21.Ne2 a5 22.Qc3 b4 23.Qc7 Qb5
24.Qc4 Qb7 25.b3 Ng8 26.Qc6 Qe7 27.exf5 Rxf5 28.Ng3 Rff8 29.Ne4 Rbd8 30.Qb6 Nf6
31.Nxf6 Qxf6 32.Qxa5 Ra8 33.Qxb4 Rxa2 34.Rf2 Rxf2 35.Kxf2 Ne7 36.Qe4 Qf7
37.Rc7 Qxd5 38.Qxd5 Nxd5 39.Rd7 Nxe3 40.Kxe3 Rb8 41.Kd2 Kg8 42.Kc3 Rc8+ 43.Kb2 Rc6
44.b4 Rc4 45.Kb3 Rd4 46.b5 Rd1 47.Kc2 Rd5 48.b6  1-0

[Event "XLV Mislata Open A"]
[Site "Mislata ESP"]
[Date "2011.08.19"]
[Round "7"]
[White "Jordan Arenas,M"]
[Black "Luna Cortes,L"]
[Result "1/2-1/2"]
[WhiteElo "2153"]
[BlackElo "2143"]

1.d4 d5 2.c4 Nc6 3.cxd5 Qxd5 4.Nf3 e5 5.Nc3 Bb4 6.dxe5 Bxc3+ 7.bxc3 Qxd1+
8.Kxd1 Bg4 9.Bg5 Nge7 10.h3 Bxf3 11.exf3 Nxe5 12.Kc2 f6 13.Bc1 O-O-O 14.f4 N5c6
15.Bc4 Kb8 16.Ba3 Nd5 17.g3 Na5 18.Bd3 Rhe8 19.Rhe1 a6 20.c4 Nb6 21.Rxe8 Rxe8
22.Kc3 h6 23.Rd1 Nc6 24.h4 Nc8 25.Bg6 Re2 26.Rd2 Rxd2 27.Kxd2 Nd6 28.Kd3 Ne7
29.Be4 b6 30.g4 Kc8 31.f5 Kd7 32.Bg2 c5 33.f4 Ke8 34.h5 Kf8 35.Bc1 Ke8 36.Be3 Kf7
37.a4 a5 38.Bd2 Ke8 39.Bc3 Kf7 40.Bf3 Ne8 41.Bb7 Nd6 42.Bf3 Ne8 43.Bb7 Nd6
44.Bf3  1/2-1/2

[Event "10th Lichtenberger Sommer"]
[Site "Berlin GER"]
[Date "2011.08.21"]
[Round "9.43"]
[White "Fartmann,Oliver"]
[Black "Yin,Z"]
[Result "0-1"]
[WhiteElo "1845"]
[BlackElo "1990"]

1.d4 d5 2.c4 Nc6 3.Bf4 e5 4.Bxe5 Nxe5 5.dxe5 Bb4+ 6.Nc3 Bxc3+ 7.bxc3 dxc4
8.Qa4+ c6 9.Qxc4 Be6 10.Qb4 Qc7 11.Nf3 Ne7 12.e3 O-O 13.Bd3 Rad8 14.Bc2 h6
15.O-O c5 16.Qh4 Bd5 17.Kh1 Nc6 18.c4 Bxf3 19.gxf3 Nxe5 20.Rg1 f5 21.Rg3 Rd2
22.Rag1 Rxc2 23.Qxh6 Rf7 24.Rh3 Kf8 25.Qh8+ Ke7 26.Rxg7 Qa5 27.Qh4+ Kd7 28.Rxf7+ Nxf7
29.Kg2 Qe1 30.f4 Rc1 31.Qf6 Qg1+  0-1

[Event "Manhattan Open"]
[Site "New York USA"]
[Date "2011.08.21"]
[Round "8"]
[White "Mulyar,M"]
[Black "Stripunsky,A"]
[Result "1/2-1/2"]
[WhiteElo "2410"]
[BlackElo "2568"]

1.d4 d5 2.c4 Nc6 3.Nc3 dxc4 4.Nf3 Nf6 5.e4 Bg4 6.Be3 Bxf3 7.gxf3 e5 8.d5 Nb8
9.Bxc4 Bd6 10.Qb3 Qc8 11.Rg1 O-O 12.O-O-O Kh8 13.Kb1 a6 14.Ne2 Nbd7 15.Ng3 Ne8
16.Rc1 Ndf6 17.Nf5 g6 18.Nxd6 Nxd6 19.Be2 Nfe8 20.f4 exf4 21.Bd4+ f6 22.e5 Nb5
23.Bc5 fxe5 24.Bxb5 axb5 25.Bxf8 Qf5+ 26.Ka1 Qxf8 27.Qxb5 Nd6 28.Qd7 Ne8
29.Qe6 Qd6 30.Rce1 Qxe6 31.dxe6 Kg7 32.Rxe5 Kf6 33.Re4 g5 34.h4 h6 35.hxg5+ hxg5
36.Rge1 Nd6 37.Re5 Re8 38.b3 Nf5 39.R5e4 c5 40.Kb2 Ne7 41.b4 Rd8 42.Rc1 cxb4
43.Rxb4 Rd2+ 44.Rc2 Rd6 45.Rxb7 Rxe6 46.a4 Ra6 47.Kb3 Nc6 48.Ka3 Ne5 49.Kb4 Kf5
50.Kb5 Rd6 51.a5 Rd1 52.a6 Rb1+ 53.Ka5 Ra1+ 54.Kb6 Kg4 55.a7 Nd3 56.Rb8 Nb4
57.Rd2 Rxa7 58.Rb2 Nd3 59.Kxa7 Nxb2 60.Rxb2 Kf3 61.Kb6 g4 62.Kc5 g3 63.fxg3 fxg3
64.Rb3+ Kf2 65.Rb2+ Kf3  1/2-1/2

[Event "47th Rubinstein Mem GpA"]
[Site "Polanica Zdroj POL"]
[Date "2011.08.21"]
[Round "2"]
[White "Shishkin,Va UKR"]
[Black "Simacek,P"]
[Result "1-0"]
[WhiteElo "2457"]
[BlackElo "2470"]

1.d4 d5 2.c4 Nc6 3.Nc3 dxc4 4.Nf3 Nf6 5.e3 Bg4 6.Bxc4 e6 7.Bb5 Qd6 8.h3 Bxf3
9.Qxf3 Nd5 10.O-O a6 11.Ba4 Be7 12.e4 Nb6 13.Bf4 Qd7 14.Bxc6 Qxc6 15.Qg3 g5
16.Bxc7 Rc8 17.Bxb6 Qxb6 18.Rad1 Qxb2 19.Rd3 Qc2 20.e5 Rc4 21.d5 Bb4 22.d6 Rxc3
23.Qxg5 Kd7 24.Rxc3 Qxc3 25.Rc1  1-0

[Event "26th Schwarzacher Open"]
[Site "Schwarzach AUT"]
[Date "2011.08.21"]
[Round "2"]
[White "Lund,E"]
[Black "Rotoni,M"]
[Result "1-0"]
[WhiteElo "2388"]
[BlackElo "2180"]

1.d4 d5 2.c4 Nc6 3.Nc3 dxc4 4.Nf3 Nf6 5.Bg5 h6 6.Bxf6 exf6 7.e3 Bd6 8.Bxc4 Ne7
9.O-O c6 10.Rc1 O-O 11.a3 Bg4 12.Be2 Be6 13.Ne4 f5 14.Nc5 Bc8 15.Qc2 a5 16.Rfd1 Nd5
17.Bc4 Nf6 18.g3 Qe7 19.Nh4 Bxc5 20.dxc5 Qe4 21.Bd3 Qe5 22.Bxf5 Bxf5 23.Nxf5 Rfe8
24.Nd6 Re7 25.Rd4 Nd5 26.Re4 Qf6 27.Rxe7 Qxe7 28.e4 Nf6 29.a4 b6 30.Nf5 Qxc5
31.Qxc5 bxc5 32.Rxc5 Nxe4 33.Rxc6 Rb8 34.Rc4 Nd2 35.Rc2 Nb3 36.Ne7+ Kh7 37.Nc6 Rb6
38.Rc3 g5 39.Ne5 Kg7 40.Rc7  1-0

[Event "XVI Seahorse Open A"]
[Site "Rewal POL"]
[Date "2011.08.22"]
[Round "3"]
[White "Reza,W"]
[Black "Miturova,M"]
[Result "1-0"]
[WhiteElo "2026"]
[BlackElo "2072"]

1.d4 d5 2.c4 Nc6 3.e3 e5 4.dxe5 dxc4 5.Qxd8+ Kxd8 6.Nf3 Bg4 7.Bxc4 Bxf3 8.gxf3 Nxe5
9.Be2 Bb4+ 10.Bd2 Bxd2+ 11.Nxd2 Nf6 12.f4 Ned7 13.Bf3 c6 14.Nc4 Kc7 15.Ke2 Rhe8
16.Rhd1 Re6 17.Rac1 Rd8 18.b4 Nb6 19.Rxd8 Kxd8 20.Na5 Kc7 21.b5 Nfd5 22.bxc6 bxc6
23.Kf1 f5 24.Nb3 g6 25.Nd4 Rf6 26.Ke2 Kd7 27.Rc5 Rd6 28.Ra5 Nxf4+ 29.Kf1 Ne6
30.Nxe6 Kxe6 31.Rxa7 h6 32.a4 Nc4 33.Be2 Ne5 34.a5 Rd2 35.a6 Ra2 36.h3 Kd5
37.Ra8 Kc5 38.a7 Nc4 39.Bxc4 Kxc4 40.Rc8 Rxa7 41.Rxc6+ Kd3 42.Rxg6 f4 43.Rd6+ Kc3
44.exf4 Rf7 45.Rxh6 Kd3 46.Re6 Rxf4 47.Kg2  1-0

[Event "26th Schwarzacher Open"]
[Site "Schwarzach AUT"]
[Date "2011.08.23"]
[Round "4"]
[White "Seisenberger,Georg"]
[Black "Rotoni,M"]
[Result "1-0"]
[WhiteElo "2055"]
[BlackElo "2180"]

1.d4 d5 2.c4 Nc6 3.cxd5 Qxd5 4.e3 e5 5.Nc3 Bb4 6.Bd2 Bxc3 7.bxc3 Nf6 8.f3 O-O
9.Ne2 Qd6 10.Qc2 Re8 11.Rd1 e4 12.Ng3 exf3 13.gxf3 Nd5 14.Kf2 b6 15.Rg1 g6
16.e4 Nde7 17.Qc1 Kh8 18.Bf4 Qd7  1-0

[Event "XVI Seahorse Open A"]
[Site "Rewal POL"]
[Date "2011.08.24"]
[Round "5"]
[White "Puczylowski,M"]
[Black "Miturova,M"]
[Result "1/2-1/2"]
[WhiteElo "2011"]
[BlackElo "2072"]

1.d4 d5 2.c4 Nc6 3.Nf3 Bg4 4.Nc3 e6 5.cxd5 exd5 6.Bf4 Bxf3 7.gxf3 Nf6 8.e3 Bd6
9.Bg5 Be7 10.Bxf6 Bxf6 11.Bb5 Qd6  1/2-1/2

[Event "Brasschaat Open"]
[Site "Brasschaat BEL"]
[Date "2011.08.25"]
[Round "6.7"]
[White "Wijgers,T"]
[Black "Schuermans,R"]
[Result "0-1"]
[WhiteElo "1928"]
[BlackElo "2143"]

1.d4 d5 2.c4 Nc6 3.e3 e5 4.dxe5 dxc4 5.Qxd8+ Kxd8 6.Nf3 Bg4 7.Be2 Nb4 8.Na3 b5
9.O-O c6 10.Bd2 Kc7 11.Rac1 a5 12.b3 Nxa2 13.Nxb5+ cxb5 14.Rc2 Nb4 15.Bxb4 Bxb4
16.bxc4 Kb6 17.Rd1 Ne7 18.h3 Be6 19.cxb5 Bb3  0-1

[Event "XVI Seahorse Open A"]
[Site "Rewal POL"]
[Date "2011.08.25"]
[Round "6"]
[White "Musialkiewicz,J"]
[Black "Siedlinski,P"]
[Result "1-0"]
[WhiteElo "2150"]
[BlackElo "2078"]

1.d4 d5 2.c4 Nc6 3.Nc3 dxc4 4.Nf3 e6 5.e4 Nf6 6.Bxc4 Be7 7.O-O a6 8.d5 exd5
9.exd5 Nb8 10.a4 O-O 11.h3 Nbd7 12.Be3 Bd6 13.Bd4 Re8 14.Re1 b6 15.Qd3 Bb7
16.Qf5 Bc5 17.Bxc5 Nxc5 18.b4 Ncd7 19.Nd4 a5 20.bxa5 Rxa5 21.Bb5 Rxe1+ 22.Rxe1 Nc5
23.Bc6 Bc8 24.Qe5 Kf8 25.Re3 g6 26.Qg5 Qd6 27.Ncb5  1-0

[Event "XVI Seahorse Open A"]
[Site "Rewal POL"]
[Date "2011.08.25"]
[Round "6"]
[White "Jaroch,P"]
[Black "Zakrzewski,Mare"]
[Result "1-0"]
[WhiteElo "2250"]
[BlackElo "2097"]

1.d4 d5 2.c4 Nc6 3.Nc3 Nf6 4.cxd5 Nxd5 5.Nf3 Bg4 6.e4 Nxc3 7.bxc3 e5 8.d5 Bxf3
9.Qxf3 Nb8 10.Rb1 b6 11.Bb5+ c6 12.dxc6 Qc7 13.Qg3 g6 14.O-O Bd6 15.Bh6 Nxc6
16.Bg7 Rg8 17.Bf6 g5 18.Rfd1 Rg6 19.Bxc6+ Qxc6 20.Bxe5 O-O-O 21.Rd4 Bc5 22.Rxd8+ Kxd8
23.Rd1+ Kc8 24.Rd5 Re6 25.Qd3 Be7 26.h3 Qa4 27.Qf3 Qe8 28.Qd3 Qa4 29.Qf3 Qe8
30.Qf5 Bd8 31.Rd6 Kb7 32.Rxe6 Qxe6 33.Qxe6 fxe6 34.Kf1 Kc6 35.Ke2 Kb5 36.Kd3 Be7
37.g3 Ka4 38.Kc2 Ka3 39.Kb1 b5 40.f4 gxf4 41.gxf4 Bf8 42.f5 exf5 43.exf5 a6
44.Bf6 h5 45.Bd8 b4 46.f6 Bh6 47.h4 bxc3 48.Be7+ Ka4 49.f7 Kb5 50.f8=Q Bxf8
51.Bxf8 Kc4 52.Kc2  1-0

[Event "Trade Fair Open A"]
[Site "Brno CZE"]
[Date "2011.08.27"]
[Round "8"]
[White "Kratochvil,K"]
[Black "Kratochvil,Mila"]
[Result "1/2-1/2"]
[WhiteElo "2242"]
[BlackElo "2096"]

1.d4 d5 2.c4 Nc6 3.Nf3 Bg4 4.e3 e5 5.Be2 dxc4 6.d5 Bxf3 7.Bxf3 Nb4 8.O-O Nf6
9.e4 Qd7 10.Nc3 Bc5 11.Be2 Nd3 12.Bxd3 cxd3 13.Qxd3 c6 14.Bg5 Bd4 15.Bxf6 gxf6
16.Rfd1 Rd8 17.Qf3 Bxc3 18.bxc3 Qd6 19.c4 Ke7 20.Rab1 Rd7 21.Qf5 b6 22.Rb3 Qc5
23.Qf3 Rc8 24.Qe2 cxd5 25.cxd5 Qc2 26.Qxc2 Rxc2 27.a3 f5  1/2-1/2

[Event "XVI Seahorse Open A"]
[Site "Rewal POL"]
[Date "2011.08.27"]
[Round "8"]
[White "Jaroch,P"]
[Black "Janus,P"]
[Result "1-0"]
[WhiteElo "2250"]
[BlackElo "2134"]

1.d4 d5 2.c4 Nc6 3.Nc3 dxc4 4.Nf3 Bg4 5.d5 Bxf3 6.exf3 Ne5 7.Bf4 Ng6 8.Bxc4 Nf6
9.Bg3 a6 10.Qb3 b5 11.Nxb5 axb5 12.Bxb5+ Nd7 13.Rc1 Rc8 14.Qc3 e5 15.dxe6 fxe6
16.O-O Kf7 17.Rfd1 Bd6 18.Bxd6 cxd6 19.Qxc8 Qxc8 20.Rxc8 Rxc8 21.Bxd7 Rc2
22.Rb1 Ne5 23.Bb5 d5 24.h3 g5 25.a4 d4 26.Rd1 Rxb2 27.Rxd4 Ra2 28.f4 gxf4
29.Rxf4+ Kg6 30.g3 Ra3 31.Kg2 h6 32.h4 Ra1 33.h5+ Kg5 34.Rf8 Ra2 35.Kh3 Kxh5
36.Be8+  1-0

[Event "Richard Reti Mem"]
[Site "Trnava SVK"]
[Date "2011.09.02"]
[Round "7.4"]
[White "Pacher,M"]
[Black "Krejci,Jan1"]
[Result "1-0"]
[WhiteElo "2408"]
[BlackElo "2195"]

1.d4 d5 2.c4 Nc6 3.Nc3 Nf6 4.Nf3 Bf5 5.e3 e6 6.Bd3 Bxd3 7.Qxd3 Nb4 8.Qe2 dxc4
9.O-O Be7 10.Qxc4 O-O 11.e4 c6 12.a3 Na6 13.b4 Rc8 14.Qb3 Qc7 15.Bg5 Rfe8
16.Rac1 h6 17.Bh4 Nh5 18.Bxe7 Qxe7 19.e5 Nf4 20.g3 Nd5 21.Ne4 Rf8 22.Nfd2 Nac7
23.Nd6 Rb8 24.N2e4 Ne8 25.Nc4 Kh8 26.Rce1 Nec7 27.f4 f5 28.exf6 Nxf6 29.Ne5 Qe8
30.f5 exf5 31.Nd6 Qh5 32.Rxf5 g5 33.Nef7+ Kg7 34.Re7 Ncd5 35.Nxg5+ Kg6 36.Ne6 Nxe7
37.Rxh5 Nxh5 38.Nxf8+ Rxf8 39.Qe6+  1-0

[Event "Yuzhny Open"]
[Site "Yuzhny UKR"]
[Date "2011.09.04"]
[Round "2.1"]
[White "Plaksin,V"]
[Black "Kovalenko,I"]
[Result "0-1"]
[WhiteElo "2189"]
[BlackElo "2578"]

1.d4 d5 2.c4 Nc6 3.Nc3 dxc4 4.e3 e5 5.d5 Nce7 6.Bxc4 a6 7.a4 Ng6 8.e4 Bd6
9.Nf3 Nf6 10.h3 Bd7 11.Qe2 O-O 12.Bg5 h6 13.Be3 Qe7 14.Nd2 Nf4 15.Qf1 b5
16.Bb3 bxa4 17.Bxa4 Bb5 18.Bxb5 axb5 19.Rc1 b4 20.Nd1 b3 21.g3 Bb4 22.f3 N6h5
23.gxf4 Ng3 24.Qg2 Nxh1 25.Qxh1 exf4 26.Bd4 Ra6 27.Nf2 Rd8 28.Kd1 c5 29.Bc3 Bxc3
30.Rxc3 c4 31.Qh2 Qc5 32.Nd3 Ra1+ 33.Nc1 Qd4 34.Qe2 Qxc3 35.bxc3 b2 36.Nb3 b1=Q
37.Nxa1 Qxa1 38.Qxc4 Rb8 39.e5 g5 40.e6 Rb1 41.exf7+ Kxf7 42.d6+ Kf6 43.Qd4+ Kg6
44.Qd2 Rb7 45.Qd4 Qa7 46.Qe4+ Kh5 47.Qe8+ Kh4 48.Qe1+ Kh5 49.Qe8+ Rf7 50.Ke2 Qd7
51.Qe5 Qa4 52.Kd2 Rb7 53.Ne2 Kh4 54.Nd4 Rb2+ 55.Kd3 Rb1 56.Qf5 Kg3 57.d7 Qa6+
58.Kc2 Qa2+ 59.Kd3 Rd1+ 60.Ke4 Re1+ 61.Kd3 Re3+  0-1

[Event "15th Cesenatico Open"]
[Site "Cesenatico ITA"]
[Date "2011.09.05"]
[Round "3"]
[White "Klocker,B"]
[Black "Barletta,M"]
[Result "0-1"]
[WhiteElo "2231"]
[BlackElo "2235"]

1.d4 d5 2.c4 Nc6 3.Nf3 Bg4 4.e3 e6 5.Nbd2 Nf6 6.b3 Bb4 7.a3 Bc3 8.Ra2 Ne4
9.Bd3 Ba5 10.Rb2 Bc3 11.Rc2 Qe7 12.c5 e5 13.Bxe4 Bxd2+ 14.Qxd2 dxe4 15.Nxe5 Nxe5
16.dxe5 Rd8  0-1

[Event "Paignton Ron Bruce Premier"]
[Site "Paignton ENG"]
[Date "2011.09.06"]
[Round "3"]
[White "Bass,J"]
[Black "Wynarczyk,R"]
[Result "1/2-1/2"]
[WhiteElo "2086"]
[BlackElo "1923"]

1.d4 d5 2.c4 Nc6 3.Nc3 dxc4 4.Nf3 Bg4 5.d5 Bxf3 6.exf3 Ne5 7.f4 Nd3+ 8.Bxd3 cxd3
9.Qxd3 c6 10.Qf3 cxd5 11.Nxd5 e6 12.Nc3 Qb6 13.O-O Nf6 14.f5 Bb4 15.Be3 Qc6
16.Qxc6+ bxc6 17.fxe6 fxe6 18.Rac1 O-O 19.Ne2 Rac8 20.Nd4 Ng4 21.Rxc6 e5
22.Rxc8 Rxc8 23.Nb3 Rc2 24.Bxa7 Rxb2 25.Nc1 Bd2 26.h3 Nf6 27.h4 Rb7  1/2-1/2

[Event "Paignton Ron Bruce Premier"]
[Site "Paignton ENG"]
[Date "2011.09.06"]
[Round "3"]
[White "Wheeler,Jo"]
[Black "Brusey,A"]
[Result "1/2-1/2"]
[WhiteElo "2120"]
[BlackElo "2021"]

1.d4 d5 2.c4 Nc6 3.Nf3 Bg4 4.cxd5 Bxf3 5.exf3 Qxd5 6.Be3 e5 7.Nc3 Bb4 8.dxe5 Qxe5
9.Rc1 Nge7 10.Be2 Rd8 11.Qc2 Nf5 12.Qe4 Qxe4 13.fxe4 Nxe3 14.fxe3 O-O 15.Bf3 Ne5
16.Ke2 Nd3 17.Rc2 c6 18.a3 Ba5 19.b4 Bb6 20.b5 Ne5 21.bxc6 bxc6 22.Na4 Rd6
23.Rb1 Bd8 24.Rb7 Rd3 25.Rc5 Rxa3 26.Rxe5 Rxa4 27.Rc5 Bb6 28.Rxc6 Ra3 29.Kf2 Bxe3+
30.Kg3 Bd4 31.Kh3 g6 32.Rd6 Be5 33.Rd5 Bf4 34.e5 h5 35.Kh4 Bxh2 36.Rdd7 Bxe5
37.Rxa7 Rxa7 38.Rxa7 Rd8 39.Ra8 Rxa8 40.Bxa8 Kg7 41.Bd5 f6 42.Kh3 Kh6 43.g3 g5
44.Be4 g4+ 45.Kg2 Kg5 46.Bc6 h4 47.gxh4+ Kxh4 48.Be4 Kg5 49.Bc6 f5 50.Kf2 Bc3
51.Bb7 Kf4 52.Bc6 Bd4+ 53.Kg2 Ke3 54.Bd7 Kf4 55.Bc6  1/2-1/2

[Event "10th Izmir Open"]
[Site "Izmir TUR"]
[Date "2011.09.07"]
[Round "8"]
[White "Ataman,A"]
[Black "Imnadze,N"]
[Result "1-0"]
[WhiteElo "2183"]
[BlackElo "1993"]

1.d4 d5 2.c4 Nc6 3.Nf3 Bg4 4.cxd5 Bxf3 5.gxf3 Qxd5 6.e3 e5 7.Nc3 Bb4 8.Bd2 Bxc3
9.bxc3 exd4 10.cxd4 O-O-O 11.Bg2 f5 12.Qb3 Qd6 13.Rb1 b6 14.f4 Nge7 15.Rc1 Qg6
16.Kf1 Rd6 17.Rg1 Qf6 18.Bc3 Qh4 19.d5 Rhd8 20.Be5 Nxe5 21.fxe5 Rxd5 22.Bxd5 Rxd5
23.Rxg7 Qxh2 24.Rxc7+ Kxc7 25.Qxd5 Qh3+ 26.Ke1  1-0

[Event "VII Ugra Governor's Cup"]
[Site "Khanty-Mansiysk RUS"]
[Date "2011.09.07"]
[Round "8"]
[White "Popov,M RUS"]
[Black "Schargin,Andrei"]
[Result "1-0"]
[WhiteElo "2065"]
[BlackElo "1903"]

1.d4 d5 2.c4 Nc6 3.Nc3 Nf6 4.cxd5 Nxd5 5.Nf3 Bg4 6.e4 Nxc3 7.bxc3 e6 8.Rb1 Rb8
9.Qa4 Be7 10.Rxb7 Qd7 11.Bb5  1-0

[Event "Paignton Ron Bruce Premier"]
[Site "Paignton ENG"]
[Date "2011.09.07"]
[Round "3"]
[White "Hempson,P"]
[Black "Helin,M"]
[Result "1-0"]
[WhiteElo "2085"]
[BlackElo "1960"]

1.d4 d5 2.c4 Nc6 3.e3 Nf6 4.Nf3 Bg4 5.h3 Bf5 6.a3 e6 7.Nc3 a6 8.Be2 Bd6 9.c5 Be7
10.b4 Nd7 11.Bb2 Ncb8 12.O-O c6 13.Rc1 h5 14.Bd3 g5 15.e4 dxe4 16.Bxe4 g4
17.Ne5 gxh3 18.Bxf5 hxg2 19.Re1 exf5 20.Qf3 Nf6 21.Qxf5 Nbd7 22.d5 Nxe5 23.Qxe5 Qd7
24.dxc6 bxc6 25.Rcd1 Qe6 26.Qc7 Rc8 27.Qb7 Rd8 28.Rxd8+ Bxd8 29.Rxe6+ fxe6
30.Qxc6+ Kf7 31.Ne4 Rg8 32.Bxf6 Bxf6 33.Qd7+ Be7 34.Nd6+ Kf6 35.Ne8+ Kf7
36.Nc7 Rg6 37.Qe8+ Kf6 38.Qh8+ Kg5 39.Qe5+ Kh6 40.Nxe6 Bf6 41.Qf4+ Bg5 42.Nxg5 Rxg5
43.c6 Kg6 44.Qxg5+  1-0

[Event "15th Cesenatico Open"]
[Site "Cesenatico ITA"]
[Date "2011.09.08"]
[Round "7"]
[White "Lain,L"]
[Black "Gazzarri,A"]
[Result "1-0"]
[WhiteElo "2234"]
[BlackElo "2080"]

1.d4 d5 2.c4 Nc6 3.Nc3 e6 4.cxd5 exd5 5.Nf3 Nf6 6.Bg5 Be7 7.e3 O-O 8.Rc1 h6
9.Bh4 a6 10.Bd3 Re8 11.O-O Be6 12.Bb1 Nd7 13.Bg3 Nb6 14.Qc2 g6 15.Qd1 Rc8
16.Na4 Nxa4 17.Qxa4 Bd6 18.Rc3 Qe7 19.Rfc1 Bb4 20.Rb3 a5 21.Qb5 a4 22.Qxa4 Ra8
23.Qb5 Reb8 24.Bh4 g5 25.Bg3 Bd6 26.Ne5 Bxe5 27.Bxe5 Nxe5 28.dxe5 d4 29.Qd3 f5
30.exf6 Qf7 31.Ra3 dxe3 32.Qxe3 Rxa3 33.Qxa3 Qxf6 34.Rxc7 Rd8 35.Bd3 Qd4
36.Qe7 Bf5 37.Bf1 Rf8 38.Bc4+  1-0

[Event "8th LGA Premium Cup"]
[Site "Nuernberg GER"]
[Date "2011.09.11"]
[Round "7.54"]
[White "Hartmann,Tho GER"]
[Black "Bauer,Andreas1"]
[Result "0-1"]
[WhiteElo "1999"]
[BlackElo "2199"]

1.d4 d5 2.c4 Nc6 3.Bf4 e5 4.dxe5 Bb4+ 5.Nd2 dxc4 6.Nf3 Nge7 7.a3 Ba5 8.e3 Be6
9.Rc1 b5 10.b4 Bb6 11.Ng5 Bf5 12.g4 Bg6 13.Bg2 h6 14.h4 hxg5 15.hxg5 Rxh1+
16.Bxh1 Qd7 17.a4 Rd8 18.axb5 Nxb4  0-1